000 00410cam a22001457a 4500
008 180718b1996 xxu||||| |||| 00| 0 eng d
020 _a8170333047
082 _aB1x54 Si64t
245 _aTheory and ideology in Indian sociology
_cedited by Narendra K. Singhi
260 _aJaipur
_bRawat
_c1996
300 _a496p.
650 _aSociety - India
650 _aSociology - India
700 _aSinghi, Narendra K.
999 _c378824
_d378824